| 000 | 00722nam a2200205Ia 4500 | ||
|---|---|---|---|
| 008 | 110201s9999 xx 000 0 und d | ||
| 082 |
_bB7952 _aK 2363 |
||
| 100 | _aअनु. ठाकूर अजित | ||
| 100 | _aकॉनली मायकल | ||
| 245 | _aसिटी ऑफ बोन्स | ||
| 260 | _bमेहता पब्लिशिंग हाऊस | ||
| 365 | _b240 | ||
| 600 | _aअनु. ठाकूर अजित | ||
| 600 | _aकॉनली मायकल | ||
| 630 | _aसिटी ऑफ बोन्स | ||
| 700 | _aअनु. ठाकूर अजित | ||
| 700 | _aकॉनली मायकल | ||
| 730 | _aसिटी ऑफ बोन्स | ||
| 942 | _cBOOK | ||
| 999 |
_c833453 _d833450 |
||